Motivácia - hybná sila činorodosti človeka

Pojem motivácia. Zdroje motivácie. Obmedzenia v motivácii. Ako motivovať zamestnancov.

Salvato in:
Dettagli Bibliografici
Autore principale: Briešková, Izabela
Natura: Capitolo di libro
Lingua:slovacco
Soggetti:
Tags: Aggiungi Tag
Nessun Tag, puoi essere il primo ad aggiungerne!!

MARC

LEADER 00000naa a2200000 4500
001 0117791
005 20231114115929.9
041 0 |a slo 
044 |a SK 
245 1 0 |a Motivácia - hybná sila činorodosti človeka  |c Izabela Briešková 
520 |a Pojem motivácia. Zdroje motivácie. Obmedzenia v motivácii. Ako motivovať zamestnancov. 
610 2 0 |a motivácia pracovná 
610 2 0 |a pojmy 
610 2 0 |a zamestnanci 
610 2 0 |a stimuly pracovné 
100 1 |a Briešková, Izabela